000 00562nam a2200181Ia 4500
008 151202s9999||||xx |||||||||||||| ||und||
082 _bPNVM-66819
100 _aनवरे शं. ना.
245 _aदिवसेंदिवस.
260 _b"नवचैतन्य प्रकाशन,मुंबई."
260 _c2004
300 _a152
600 _aनवरे शं. ना.
630 _aदिवसेंदिवस.
700 _aनवरे शं. ना.
730 _aदिवसेंदिवस.
942 _cBOOK
999 _c1333351
_d1333348